000 00421nam a2200133Ia 4500
008 220216s9999 xx 000 0 und d
100 _aSalleh Bin Mohd Nor
245 0 _aRattan as a supplementary crop in rubber plantations
260 _bProceedings of the RRIM Rubber Growers Conference, Ipoh, Perak 1986; p261-273
650 _aRattan
650 _aRubber plantation
700 _aAminuddin Bin Mohamad
942 _cJS
999 _c66347
_d66347